| 000 | 01240nam a2200301 i 4500 | ||
|---|---|---|---|
| 001 | 68853 | ||
| 003 | ES-MaACL | ||
| 005 | 20231214201032.0 | ||
| 007 | t| | ||
| 008 | 150216s2012 sp ab |||| | spa d | ||
| 020 | _a978-84-9744-131-5 | ||
| 080 | _a373(460.27 M.)(091) | ||
| 080 | _a681.069.5(460.27 M.) | ||
| 245 | 0 | 0 |
_aAulas con memoria _b: ciencia, educación y patrimonio en los institutos históricos de Madrid (1837-1936) / _ceditores, Leoncio López Ocón, Santiago Aragón, Mario Pedrazuela ; prólogo, Jon Juaristi. |
| 260 |
_aMadrid : _bCEIMES, _c2012. |
||
| 300 |
_a355 p. : _bil. col. y n., gráf., mapas, plano ; _c23 x 23 cm. |
||
| 504 | _aReferencias bibliográficas. | ||
| 650 | 4 |
_aEscuelas secundarias- _zMadrid- _vHistoria. _9156340 |
|
| 650 | 4 |
_aEnseñanza secundaria- _zMadrid- _vHistoria. _9156341 |
|
| 650 |
_aInstrumentos científicos- _xColecciones- _zMadrid. _9156342 |
||
| 700 | 1 |
_aLópez-Ocón Cabrera, Leoncio. _973838 |
|
| 700 | 1 |
_aAragón Albillos, Santiago. _9156343 |
|
| 700 | 1 |
_aPedrazuela Fuentes, Mario. _9156344 |
|
| 700 | 1 |
_aJuaristi, Jon, _d1951- _967169 |
|
| 852 |
_aES-MaACL _jA-13380 _971423 _bR.150307 _cDEPO1 _dOlim: N-6380 |
||
| 942 |
_2udc _cMONOGRAFIA |
||
| 999 |
_c68853 _d68853 |
||